|
|
|
|
| LEADER |
00000naa2a2200000 4500 |
| 001 |
426958 |
| 005 |
20231101074618.0 |
| 035 |
|
|
|a (RuTPU)RU\TPU\prd\86062
|
| 035 |
|
|
|a RU\TPU\tpu\12525
|
| 090 |
|
|
|a 426958
|
| 100 |
|
|
|a 20100901a1988 k y0rusy50 ca
|
| 101 |
0 |
|
|a rus
|
| 102 |
|
|
|a RU
|
| 200 |
1 |
|
|a Тиристорные генераторы для импульсного возбуждения электромагнитов с непосредственным питанием от сети переменного тока
|f Б. А. Багинский, Г. Д. Браславский
|
| 320 |
|
|
|a Библиогр.: 5 назв.
|
| 461 |
|
0 |
|0 (RuTPU)RU\TPU\prd\300
|x 0032-8162
|t Приборы и техника эксперимента
|f Академия наук СССР
|d 1956-
|
| 463 |
|
0 |
|0 (RuTPU)RU\TPU\prd\39783
|t № 1
|v С. 156-160
|d 1988
|
| 610 |
1 |
|
|a тиристорные генераторы
|
| 610 |
1 |
|
|a импульсное возбуждение
|
| 610 |
1 |
|
|a электромагниты
|
| 610 |
1 |
|
|a питание
|
| 610 |
1 |
|
|a сети
|
| 610 |
1 |
|
|a переменный ток
|
| 610 |
1 |
|
|a труды учёных ТПУ
|
| 700 |
|
1 |
|a Багинский
|b Б. А.
|
| 701 |
|
1 |
|a Браславский
|b Г. Д.
|
| 801 |
|
1 |
|a RU
|b 63413507
|c 20050630
|g PSBO
|
| 801 |
|
2 |
|a RU
|b 63413507
|c 20110705
|g RCR
|
| 942 |
|
|
|c BK
|